| 000 | 00451nam a22001697a 4500 | ||
|---|---|---|---|
| 003 | OSt | ||
| 005 | 20180116182947.0 | ||
| 008 | 131002b xxu||||| |||| 00| 0 eng d | ||
| 040 |
_a0 _c0 |
||
| 082 |
_26th _a158.3 SUE 2012 |
||
| 100 | _aDerald Wing Sue | ||
| 245 |
_aCounseling the Culturally Diverse _bTheory and Practice _cDerald Wing Sue |
||
| 250 | _a6th | ||
| 260 |
_aTexas _bJohn Wiley & Sons INC _c2012 |
||
| 300 | _a629p. | ||
| 942 |
_2ddc _cBK |
||
| 999 |
_c349376 _d349376 |
||